Ricostruisci la Carriera del Calciatore - Riyad Mahrez - Statistics

Statistiche generali
  • Questo quiz è stato fatto 4 volte
  • Il punteggio medio è 4 su 6
Statistiche sulle risposte
Hint Risposta % Corretto
2018-2023 Manchester City
100%
2023- Al-Ahli
75%
2012-2014 Le Havre
75%
2010-2012 Le Havre 2
75%
2014-2018 Leicester City
75%
2009-2010 Quimper Cornouaille
25%
Nessun quiz corrispondente trovato
Distribuzione punteggi
Percentuale di utenti per punteggio
Percentile per numero di risposta
I tuoi punteggi nel tempo
Non hai fatto questo quiz